000 01158cam a2200205 4500
001 ##L133230
008 060421n2000 000 0 eng u
035 _a(Sirsi) u133230
041 0 _aeng
050 0 4 _a695.92 $2 18
110 2 _aEnglish Heritage
_92714
245 0 0 _aThatch and thatching
_ba guidance note
260 _aLondon
_bEnglish Heritage
_c2000
300 _a19p
_bill
_c30cm.
505 2 _aIntroduction -- The scope of this guidance -- History of thatch -- Types of thatch -- Longevity -- Conservation and maintenance -- Building regulations, fire and safety -- Developing thatching policies -- Ways of addressing the issues -- Further work -- Conclusion.
520 _aA guide to the history, types and conservation of thatched roofs, intended for local authorities, grant-giving bodies, thatchers, other professionals in the built environment, and owners of thatched buildings.
690 _aBUILT ENVIRONMENT-BUILDING ELEMENTS-COMPLETE BUILDING ELEMENTS-ROOFS
856 4 8 _uhttps://www.english-heritage.org.uk/content/publications/docs/thatchandthatching.pdf
_zView the item free of charge at www.english-heritage.org.uk
942 _n0
999 _c105358
_d105358